| 000 | 00398cam a22001574a 4500 | ||
|---|---|---|---|
| 005 | 20250605163504.0 | ||
| 008 | 250528s ||||||||||||||||||||||||d | ||
| 035 | _a20342 | ||
| 040 |
_aGR-AtMCL _bgre _dGR-AtMCL _eAACR2 |
||
| 245 | 1 | _aΟ Τζίτζηκας και ο Μέρμηγκας | |
| 260 |
_bJumbo Trading Limited, _c2011 |
||
| 300 | _a16 | ||
| 942 | _cBK | ||
| 999 |
_c5464 _d5464 |
||